Statystyki dla Znani Szwedzi - Quiz obrazkowy

Kliknij tutaj aby rozwiązać quiz!

Ogólne statystyki

  • Ten quiz został rozwiązany 187 razy
    (99 od ostatniego zresetowania)
  • Średni wynik to 5 z 15

Statystyki odpowiedzi

Odpowiedź% Poprawnych
Alfred Nobel
91%
Zlatan Ibrahimovic
78%
PewDiePie /
Felix Arvid Ulf Kjellberg
63%
Astrid Lindgren
58%
Ingrid Bergman
42%
Björn Borg
29%
Greta Garbo
25%
Dolph Lundgren
23%
Olof Palme
17%
Max von Sydow
15%
Alicia Vikander
13%
Selma Lagerlöf
10%
Wiktoria Bernadotte
10%
Peter Stormare
8%
August Strindberg
5%

Rozkład punktacji

Percentyl według liczby udzielonych odpowiedzi

Procent ludzi z każdym wynikiem

Twoja historia wyników

Nie rozwiązałeś tego quizu od ostatniego zresetowania